000 00296nam a2200109Ia 4500
001 1261058
005 20260417140344.0
008 260417s9999 xx 000 0 und d
020 _a9789753167345
245 0 _aEvliler Korksun Bekarlar Titresin
_cCarmen Rico-Godoy
260 _bEverest Yayınları
999 _c1261058
_d1261058